20 Goal Scorers With Most Penalty Minutes (2019-20) - Statistics

General Stats
  • This quiz has been taken 9 times
  • The average score is 6 of 10
Answer Stats
Team PIM Goals Answer % Correct
Capitals 93 21 Tom Wilson
100%
Devils, Lightning 56 21 Blake Coleman
67%
Bruins 82 28 Brad Marchand
67%
Senators 106 21 Brady Tkachuk
67%
Rangers 58 24 Chris Kreider
67%
Penguins 58 25 Evgeni Malkin
67%
Flames 74 23 Matthew Tkachuk
67%
Hurricanes 54 24 Andrei Svechnikov
33%
Blues 52 25 David Perron
33%
Sharks 122 26 Evander Kane
33%
No matching quizzes found
Score Distribution
Percent of People with Each Score
Percentile by Number Answered
Your Score History
You have not taken this quiz